Die Amnestie - ein Rechtsinstitut mit deutscher Zukunft? Überlegungen am Beispiel Frankreich
| 1. VerfasserIn: | |
|---|---|
| Medienart: | Druck Aufsatz |
| Sprache: | Deutsch |
| Veröffentlicht: |
1990
|
| In: |
Recht in Ost und West
Jahr: 1990, Band: 34, Heft: 7, Seiten: 293-298 |
| Bestand in Tübingen: | In Tübingen vorhanden. IFK: 6636 |
| Verfügbarkeit prüfen: | HBZ Gateway |
| Schlagwörter: |
MARC
| LEADER | 00000caa a22000002c 4500 | ||
|---|---|---|---|
| 001 | 1640034919 | ||
| 003 | DE-627 | ||
| 005 | 20220608130914.0 | ||
| 007 | tu | ||
| 008 | 160223s1990 xx ||||| 00| ||ger c | ||
| 035 | |a (DE-627)1640034919 | ||
| 035 | |a (DE-576)45603613X | ||
| 035 | |a (DE-599)BSZ45603613X | ||
| 040 | |a DE-627 |b ger |c DE-627 |e rakwb | ||
| 041 | |a ger | ||
| 100 | 1 | |a Sagel-Grande, Irene |0 (DE-588)1073122239 |0 (DE-627)828487456 |0 (DE-576)162839731 |4 aut | |
| 109 | |a Sagel-Grande, Irene |a Grande, Irene Sagel- | ||
| 245 | 1 | 4 | |a Die Amnestie - ein Rechtsinstitut mit deutscher Zukunft? Überlegungen am Beispiel Frankreich |c Irene Sagel-Grande |
| 264 | 1 | |c 1990 | |
| 336 | |a Text |b txt |2 rdacontent | ||
| 337 | |a ohne Hilfsmittel zu benutzen |b n |2 rdamedia | ||
| 338 | |a Band |b nc |2 rdacarrier | ||
| 773 | 0 | 8 | |i In |t Recht in Ost und West |d Berlin : Berlin-Verl., 1957 |g 34(1990), 7, Seite 293-298 |w (DE-627)130122939 |w (DE-600)506150-7 |w (DE-576)01565625X |x 0486-1485 |7 nnas |
| 773 | 1 | 8 | |g volume:34 |g year:1990 |g number:7 |g pages:293-298 |
| 935 | |a mkri | ||
| 951 | |a AR | ||
| ELC | |b 1 | ||
| LOK | |0 000 xxxxxcx a22 zn 4500 | ||
| LOK | |0 001 3301288685 | ||
| LOK | |0 003 DE-627 | ||
| LOK | |0 004 1640034919 | ||
| LOK | |0 005 20160223101027 | ||
| LOK | |0 008 160208||||||||||||||||ger||||||| | ||
| LOK | |0 040 |a DE-21-110 |c DE-627 |d DE-21-110 | ||
| LOK | |0 689 |a s |a Amnestie | ||
| LOK | |0 689 |a s |a DDR | ||
| LOK | |0 689 |a s |a Gefangenenzahlen | ||
| LOK | |0 689 |a s |a Frankreich | ||
| LOK | |0 852 |a DE-21-110 | ||
| LOK | |0 852 1 |c 6636 |m p |9 00 | ||
| LOK | |0 935 |a k110 | ||
| LOK | |0 938 |k p | ||
| LOK | |0 939 |a 08-02-16 |b l01 | ||
| ORI | |a SA-MARC-krimdoka001.raw | ||
| SIG | |a IFK: 6636 | ||
